000 00222nam a2200097Ia 4500
008 170627s9999 xx 000 0 und d
100 _aCOHEN STEVEN
245 0 _aNEHGOTIATING SKILLS FOR MANAGERS
260 _bTMH
260 _c2008
546 _aENGLISH
999 _c35677
_d35677